000 00489nam a2200157Ia 4500
005 20250327134116.0
008 231217s9999 xx 000 0 und d
020 _a9788184312638
082 _a621.3192 BAK;4 R
100 _aBakshi, Uday A Bakshi, Ajay V.
245 0 _aNetwork analysis : for 3rd sem strictly according to the revised syllabus of VTU 2006 course
250 _a1st ed.
260 _c2009
_bTechnical Publications,
_aPune
300 _axii, 8-100, P-36
942 _cAA
999 _c187992
_d187992